000 00947nam a2200217Ii 4500
003 JO-AjNU
008 230605s9999||||xx |||||||||||||| ||und||
017 _a2008/25113
020 _a977-350-140-X
040 _aJO-AjNU
_bara
_erda
_cJO-AjNU
041 _aara
050 1 4 _aHF5548.32.2009
100 3 _aتأليف الشافعي، محمد فريد,
_eauthor
_944321
245 0 0 _aالتجارة الالكترونية واشكالية تسليم المنتجات عبر شبكة الاتصالات الدولية الانترنت:دراسة مقارنة بين الفقه الاسلامي والقانون الوضعي
264 3 1 _aالقاهرة:دار الكتاب الحديث،2009
300 _a133ص
_bيحتوي على ببلوغرافية من ص119-133ص
336 _atext
_btxt
_2rdacontent
337 _aunmediated
_bn
_2rdamedia
338 _avolume
_bnc
_2rdacarrier
650 4 _aالتجارة الالكترونية
_944322
999 _aA19127
_c22695
_d22695